Science Quiz

Random Science or Computer Quiz

Boris'ComSciGame Quiz Stats

 Plays Quiz not verified by Sporcle

Challenge
Share
Tweet
Embed
Score 0/13 Timer 10:00
0 Plays Today
% Correct
CPU
54.5%
Random Access Memory
54.5%
Memory Data register
45.5%
Data Bus
45.5%
Memory address register
36.4%
Address Bus
36.4%
Primary Memory
27.3%
Machine Instruction Cycle
27.3%
ALU
18.2%
ROM
18.2%
CU
9.1%
Cache Memory
9.1%
Serial Bus
9.1%

You're not logged in!

Compare scores with friends on all Sporcle quizzes.
Join for Free
OR
Log In

You Might Also Like...

Show Comments

Extras

Top Quizzes Today


Score Distribution

Your Account Isn't Verified!

In order to create a playlist on Sporcle, you need to verify the email address you used during registration. Go to your Sporcle Settings to finish the process.

Report this User

Report this user for behavior that violates our Community Guidelines.

Details: